| 000 | 00355pam a2200157a 44500 | ||
|---|---|---|---|
| 008 | 230405s2000 xxu||||| |||| 00| 0 eng d | ||
| 041 | _aENG | ||
| 100 | _aHarver Maylor | ||
| 245 | _aProject Management | ||
| 250 | _a1 | ||
| 260 |
_a _bPearson Education Asia 1 _c2000 |
||
| 300 | _a291 P 25 Cms | ||
| 440 | _a195 | ||
| 690 | _aIMRDA | ||
| 906 | _a2258 | ||
| 999 |
_c255117 _d255117 |
||